An assessment of the effects of conservation areas on value (Record no. 114405)
[ view plain ]
| 000 -LEADER | |
|---|---|
| fixed length control field | 01467cad a22002175a 4500 |
| 001 - CONTROL NUMBER | |
| control field | L156766 |
| 008 - FIXED-LENGTH DATA ELEMENTS--GENERAL INFORMATION | |
| fixed length control field | 120711s2012 xxk f 000 0 eng d |
| 035 ## - SYSTEM CONTROL NUMBER | |
| System control number | (Sirsi) u156766 |
| 041 0# - LANGUAGE CODE | |
| Language code of text/sound track or separate title | eng |
| 110 2# - MAIN ENTRY--CORPORATE NAME | |
| Corporate name or jurisdiction name as entry element | London School of Economics |
| 9 (RLIN) | 1264 |
| 245 03 - TITLE STATEMENT | |
| Title | An assessment of the effects of conservation areas on value |
| Remainder of title | Final Report May 2012 |
| Medium | [electronic resource] |
| 260 ## - PUBLICATION, DISTRIBUTION, ETC. | |
| Place of publication, distribution, etc. | London |
| Name of publisher, distributor, etc. | London School of Economics |
| Date of publication, distribution, etc. | 2012 |
| 520 ## - SUMMARY, ETC. | |
| Summary, etc. | Research into the effects of conservation areas on value. A statistical analysis of over one million property transactions between 1995 and 2010 from the Nationwide building society was conducted along with data on the characteristics of over 8000 English conservation areas. Also assessed were people's perceptions of conservation areas and how these relate to house prices. Findings include the fact that houses in conservation areas sell for a premium of 23% on average and a premia of around 9% exists even after adjusting for other factors that affect house prices such as location and type of property. Also noted was that people value living near to conservation areas. |
| 590 ## - LOCAL NOTE (RLIN) | |
| Local note | KA NTK |
| 651 #4 - SUBJECT ADDED ENTRY--GEOGRAPHIC NAME | |
| Geographic name | England |
| Chronological subdivision | 886- |
| 690 ## - LOCAL SUBJECT ADDED ENTRY--TOPICAL TERM (OCLC, RLIN) | |
| Topical term or geographic name as entry element | Conservation and restoration |
| 690 ## - LOCAL SUBJECT ADDED ENTRY--TOPICAL TERM (OCLC, RLIN) | |
| Topical term or geographic name as entry element | Residential property |
| 9 (RLIN) | 6266 |
| 690 ## - LOCAL SUBJECT ADDED ENTRY--TOPICAL TERM (OCLC, RLIN) | |
| Topical term or geographic name as entry element | Commercial property |
| 9 (RLIN) | 6227 |
| 856 40 - ELECTRONIC LOCATION AND ACCESS | |
| Uniform Resource Identifier | <a href="https://www.english-heritage.org.uk/content/imported-docs/a-e/assessment-ca-value.pdf">https://www.english-heritage.org.uk/content/imported-docs/a-e/assessment-ca-value.pdf</a> |
| Public note | View the item free of charge at www.english-heritage.org.uk |
| 942 ## - ADDED ENTRY ELEMENTS (KOHA) | |
| Suppress in OPAC | 0 |
| Withdrawn status | Lost status | Source of classification or shelving scheme | Damaged status | Not for loan | Home library | Current library | Shelving location | Date acquired | Total Checkouts | Full call number | Barcode | Date last seen | Copy number | Price effective from | Koha item type |
|---|---|---|---|---|---|---|---|---|---|---|---|---|---|---|---|
| Dewey Decimal Classification | Virtual | Virtual | Online | 11/07/2012 | ONLINE PUBLICATION | 156766-2001 | 06/08/2019 | 1 | 06/08/2019 | Book |